000 00470nam a2200193Ia 4500
005 20250425161013.0
008 250425s9999 xx 000 0 und d
041 _aspa
082 _a515.35
100 _aLAMBE, C.G.
245 0 _aECUACIONES DIFERENCIALES PARA INGENIEROS Y CIENTIFICOS
250 _a1A ED.
260 _aBARCELONA
260 _aEspaƱa
_bUTEHA
_c1964
300 _a405
650 _aECUACIONES DIFERENCIALES
942 _c01
010 _a10358
999 _c200473
_d200473